Documento firmado por Don [Pablo] Zamacona dirigido a Don Eduardo de Goroztiza (Record no. 4807)
[ view plain ]
| 000 -CABECERA | |
|---|---|
| campo de control de longitud fija | 01402nam a2200301 a 4500 |
| 001 - NÚMERO DE CONTROL | |
| campo de control | BRCA_5113 |
| 005 - FECHA Y HORA DE LA ÚLTIMA TRANSACCIÓN | |
| campo de control | 20190320204939.0 |
| 008 - DATOS DE LONGITUD FIJA--INFORMACIÓN GENERAL | |
| campo de control de longitud fija | 191110s1861----mx-######v---#000-0#spa-# |
| 041 ## - CÓDIGO DE LENGUA | |
| Código de lengua del texto/banda sonora o título independiente | spa |
| 044 ## - CÓDIGO DEL PAÍS DE LA ENTIDAD EDITORA/PRODUCTORA | |
| Código MARC del país | mx |
| 084 ## - OTRO NÚMERO DE CLASIFICACIÓN | |
| Número de clasificación | DOC112 |
| Número de documento/Ítem | .Z36 |
| -- | 1861 |
| 100 1# - ENTRADA PRINCIPAL--NOMBRE DE PERSONA | |
| Nombre de persona | Zamacona, Pablo |
| Fechas asociadas al nombre | 1836-1890 |
| 9 (RLIN) | 13045 |
| 245 10 - MENCIÓN DE TÍTULO | |
| Título | Documento firmado por Don [Pablo] Zamacona dirigido a Don Eduardo de Goroztiza |
| Mención de responsabilidad, etc. | [Pablo]Zamacona ; Eduardo de Goroztiza. |
| 260 ## - PUBLICACIÓN, DISTRIBUCIÓN, ETC. | |
| Lugar de publicación, distribución, etc. | México |
| Fecha de publicación, distribución, etc. | 1861 |
| 300 ## - DESCRIPCIÓN FÍSICA | |
| Extensión | [1] foja |
| Dimensiones | 33 x 22 cm. |
| 500 ## - NOTA GENERAL | |
| Nota general | Documento firmado el 1 de septiembre de 1861. |
| 500 ## - NOTA GENERAL | |
| Nota general | Documento en el cual [Pablo] Zamacona escribe a Goroztiza comunicándole el nombramiento de Jefe de la Sección de América a su favor y le pide presente los papeles a fin de acreditárselo. |
| 500 ## - NOTA GENERAL | |
| Nota general | Al margen sello que dice: ´SELLO DE LA SECRETARIA DE ESTADO Y DE DESPACHO DE RELACIONES EXTERIORES´. |
| 500 ## - NOTA GENERAL | |
| Nota general | El documento contiene la leyenda DOC. #276. |
| 506 0# - NOTA DE RESTRICCIONES AL ACCESO | |
| Limitaciones de acceso | Fondo Reservado. Para su consulta es necesario credencial de usuario y carta de motivos. |
| 546 ## - NOTA DE LENGUA/LENGUAJE | |
| Nota de lengua/lenguaje | Texto en: español de mediados del siglo XIX. |
| 600 14 - PUNTO DE ACCESO ADICIONAL DE MATERIA--NOMBRE DE PERSONA | |
| Nombre de persona | Zamacona, Pablo |
| Fechas asociadas al nombre | 1836-1890 |
| Subdivisión general | Historia |
| 9 (RLIN) | 13046 |
| 650 14 - PUNTO DE ACCESO ADICIONAL DE MATERIA--TÉRMINO DE MATERIA | |
| Término de materia o nombre geográfico como elemento de entrada | Documentos legales |
| Subdivisión de forma | Manuscritos |
| Subdivisión general | Historia |
| 9 (RLIN) | 12814 |
| 651 #4 - PUNTO DE ACCESO ADICIONAL DE MATERIA--NOMBRE GEOGRÁFICO | |
| Nombre geográfico | México |
| Subdivisión general | Historia |
| Subdivisión cronológica | Constitución y reforma, 1855-1863 |
| 9 (RLIN) | 13047 |
| 700 1# - PUNTO DE ACCESO ADICIONAL--NOMBRE DE PERSONA | |
| Nombre de persona | Goroztiza, Eduardo |
| Fechas asociadas al nombre | 1815-? |
| 9 (RLIN) | 13048 |
| 902 ## - CATALOGADOR | |
| Iniciales | FDH |
| 942 ## - ELEMENTOS DE PUNTO DE ACCESO ADICIONAL (KOHA) | |
| Fuente del sistema de clasificación o colocación | Library of Congress Classification |
| Tipo de ítem Koha | Documentos |
| Estado de retiro | Estado de pérdida | Estado dañado | No para préstamo | Localización permanente | Ubicación/localización actual | Fecha de adquisición | Total de préstamos | Signatura topográfica completa | Código de barras | Fecha visto por última vez | Precio válido a partir de | Tipo de ítem Koha |
|---|---|---|---|---|---|---|---|---|---|---|---|---|
| El ejemplar forma parte de la colección y puede ser consultado según las políticas vigentes. | Biblioteca del Museo Franz Mayer (Rogerio Casas-Alatriste) | Biblioteca del Museo Franz Mayer (Rogerio Casas-Alatriste) | 19/11/2010 | DOC112 .Z36 1861 | 5339 | 22/03/2019 | 22/03/2019 | Documentos |